Situación actual y perspectivas de desarrollo de Andalucía occidental / (Record no. 124123)

MARC details
000 -LEADER
campo de control de longitud fija 01057nam a2200241 4500
001 - NÚMERO DE CONTROL
campo de control 124123
003 - IDENTIFICADOR DE NÚMERO DE CONTROL
campo de control ES-MaACL
005 - FECHA Y HORA DE LA ÚLTIMA TRANSACCIÓN
campo de control 20230906192328.0
007 - CAMPO FIJO DE DESCRIPCIÓN FÍSICA--INFORMACIÓN GENERAL
campo de control de longitud fija t|
008 - DATOS DE LONGITUD FIJA--INFORMACIÓN GENERAL
campo de control de longitud fija 070214s1974 sp r ||||1| spa d
245 00 - MENCIÓN DEL TÍTULO
Título Situación actual y perspectivas de desarrollo de Andalucía occidental /
Mención de responsabilidad, etc. director José Manuel Raposo Santos.
260 ## - PUBLICACIÓN, DISTRIBUCIÓN, ETC.
Lugar de publicación, distribución, etc. Madrid :
Nombre del editor, distribuidor, etc. Confederación Española de Cajas de Ahorros,
Fecha de publicación, distribución, etc. 1974.
300 ## - DESCRIPCIÓN FÍSICA
Extensión 4 v. ;
Dimensiones 25 cm.
505 8# - NOTA DE CONTENIDO CON FORMATO
Nota de contenido con formato Contiene: Tomo I. Infraestructuras y recursos. Tomo II. Análisis de los sectores productivos. Tomo III. Análisis sociológico. Tomo IV. Panorama regional y líneas de actuación futura
700 1# - ENTRADA AGREGADA--NOMBRE PERSONAL
Nombre de persona Raposo Santos, José Manuel.
9 (RLIN) 95466
710 2# - ENTRADA AGREGADA--NOMBRE DE ENTIDAD CORPORATIVA
Nombre de entidad corporativa o nombre de jurisdicción como elemento de entrada Confederación Española de Cajas de Ahorros.
9 (RLIN) 3148
740 0# - ENTRADA AGREGADA--TÍTULO RELACIONADO/ANALÍTICO NO CONTROLADO
Título relacionado o analítico no controlado Infraestructuras y recursos.
740 0# - ENTRADA AGREGADA--TÍTULO RELACIONADO/ANALÍTICO NO CONTROLADO
Título relacionado o analítico no controlado Análisis de los sectores productivos.
740 0# - ENTRADA AGREGADA--TÍTULO RELACIONADO/ANALÍTICO NO CONTROLADO
Título relacionado o analítico no controlado Análisis sociológico.
740 0# - ENTRADA AGREGADA--TÍTULO RELACIONADO/ANALÍTICO NO CONTROLADO
Título relacionado o analítico no controlado Panorama regional y líneas de actuación futura.
852 ## - LOCALIZACIÓN
Ubicación ES-MaACL
Número de control de estantería L-3557-60
Sublocalización o colección R.90426
852 ## - LOCALIZACIÓN
Ubicación ES-MaACL
Número de control de estantería L-3549-52
Sublocalización o colección R.91303
Holdings
Estatus retirado Estado de pérdida Estado de daño No para préstamo Biblioteca de origen Biblioteca actual Ubicación en estantería Fecha de adquisición Fuente de adquisición Total de préstamos Signatura topográfica completa Código de barras Visto por última vez Precio de reemplazo Tipo de ítem Koha
        Biblioteca del Ateneo de Madrid Biblioteca del Ateneo de Madrid Depósito 2 17/01/2008     L-3549-52 1129312 23/02/2023 23/02/2023 Libro impreso
        Biblioteca del Ateneo de Madrid Biblioteca del Ateneo de Madrid Depósito 2 17/01/2008     L-3557-60 1129311 23/02/2023 23/02/2023 Libro impreso